Cassava (Record no. 33513)
[ view plain ]
| 000 -LEADER | |
|---|---|
| fixed length control field | 00461nam a22001697a 4500 |
| 003 - CONTROL NUMBER IDENTIFIER | |
| control field | OSt |
| 005 - DATE AND TIME OF LATEST TRANSACTION | |
| control field | 20220324105158.0 |
| 008 - FIXED-LENGTH DATA ELEMENTS--GENERAL INFORMATION | |
| fixed length control field | 220324b |||||||| |||| 00| 0 eng d |
| 020 ## - INTERNATIONAL STANDARD BOOK NUMBER | |
| International Standard Book Number | 9780333473955 |
| 040 ## - CATALOGING SOURCE | |
| Transcribing agency | HU |
| 082 ## - DEWEY DECIMAL CLASSIFICATION NUMBER | |
| Classification number | 633.682 SIL 1998 |
| 100 ## - MAIN ENTRY--PERSONAL NAME | |
| Personal name | Silvestre, P., ingénieur; |
| 9 (RLIN) | 33975 |
| 245 ## - TITLE STATEMENT | |
| Title | Cassava |
| 260 ## - PUBLICATION, DISTRIBUTION, ETC. | |
| Place of publication, distribution, etc. | Paris : CTA ; London : , © |
| Name of publisher, distributor, etc. | Macmillan |
| Date of publication, distribution, etc. | 1989. |
| 300 ## - PHYSICAL DESCRIPTION | |
| Extent | v, 82 pages : illustrations ; . |
| Dimensions | 22 cm |
| Type of unit | PC |
| 942 ## - ADDED ENTRY ELEMENTS (KOHA) | |
| Source of classification or shelving scheme | Dewey Decimal Classification |
| Koha item type | Books like text book referance book |
| Suppress in OPAC | No |
| Withdrawn status | Lost status | Source of classification or shelving scheme | Damaged status | Not for loan | Collection code | Home library | Current library | Shelving location | Date acquired | Total Checkouts | Full call number | Barcode | Date last seen | Copy number | Price effective from | Koha item type |
|---|---|---|---|---|---|---|---|---|---|---|---|---|---|---|---|---|
| Dewey Decimal Classification | Non-fiction | Wondo Genet Library | Wondo Genet Library | General Stacks | 03/24/2022 | 633.682 SIL 1998 | WGCFNRL00014624 | 03/24/2022 | 1 | 03/24/2022 | Books like text book referance book |